Aplicaciones de la energía solar
Zapisane w:
| Główni autorzy: | , |
|---|---|
| Format: | Książka |
| Język: | hiszpański |
| Wydane: |
Barcelona
Reverté S.A
1982
|
| Hasła przedmiotowe: | |
| Etykiety: |
Dodaj etykietę
Nie ma etykietki, Dołącz pierwszą etykiete!
|
MARC
| LEADER | 00000nam a2200000 a 4500 | ||
|---|---|---|---|
| 001 | UCG3065 | ||
| 003 | CL-VaPUC | ||
| 008 | 100805e19820000SP |||||||||||||||||spa|d | ||
| 020 | |a 8429141995 | ||
| 082 | 0 | 4 | |a 621.47 |b MEI |2 21 |
| 100 | |a Meinel, Aden B. |e autor |9 551872 | ||
| 700 | 0 | |a Meinel, Marjorie P |e author |9 551873 | |
| 245 | 1 | 0 | |a Aplicaciones de la energía solar |
| 300 | |a 699 p | ||
| 942 | |c BK | ||
| 945 | |d 20100805 00:00:00 |a mfarfan | ||
| 260 | |a Barcelona |b Reverté S.A |c 1982 | ||
| 650 | 7 | |a ENERGIA SOLAR |2 CL-VaPUC |9 551874 | |
| 650 | 0 | |a Transferencia de calor |9 336631 | |
| 583 | |a last modification |c 20100805 00:00:00 |k Rodrigo Vera | ||
| 999 | |c 342163 |d 342161 | ||
| 952 | |0 0 |1 0 |4 0 |6 621_470000000000000_MEI_1982 |7 0 |8 A |9 438171 |a BIBARQ |b BIBARQ |d 2019-11-22 |i 4703855 |l 2 |o 621.47 MEI 1982 |p 4703855 |r 2025-01-20 |s 2022-04-20 |w 2019-11-22 |y BK |k ARQ | ||